[Event "EU Corporate-ch"]
[Site "Rotterdam"]
[Date "2022.06.19"]
[Round "7"]
[White "Celinski, Kamil"]
[Black "Jap Tjoen San, Linda"]
[Result "1-0"]
[WhiteElo "1907"]
[BlackElo "2045"]
[PlyCount "102"]
[EventDate "2022.06.18"]
[EventType "team-tourn (rapid)"]
[EventRounds "9"]
[EventCountry "NED"]
[SourceTitle "EXT 2023"]
[Source "ChessBase"]
[SourceDate "2022.10.05"]
[SourceVersion "1"]
[SourceVersionDate "2022.10.05"]
[SourceQuality "1"]

1. c4 g6 2. e4 Bg7 3. g3 c5 4. Bg2 Nc6 5. Nc3 d6 6. Nge2 f5 7. 0-0 Nf6 8. d4 cxd4 9. Nxd4 Nxd4 10. Qxd4 0-0 11. Qd3 fxe4 12. Nxe4 Nxe4 13. Bxe4 Qc7 14. Qe2 Kh8 15. Be3 Bd7 16. Rfd1 Rac8 17. Rac1 b6 18. b3 Bf5 19. Bg2 Bd7 20. Bd4 e5 21. Bc3 a5 22. Qd2 Rf6 23. Bxe5 dxe5 24. Qxd7 Qc5 25. Rc2 Rcf8 26. Rf1 Bh6 27. Qd5 Rxf2 28. Qxc5 Rxf1+ 29. Bxf1 bxc5 30. Re2 Re8 31. Bg2 Kg7 32. Bd5 Kf6 33. Rf2+ Kg5 34. h4+ Kg4 35. Kg2 e4 36. Rf7 Be3 37. Bc6 Rd8 38. Bd7+ Rxd7 39. Rxd7 h6 40. Rd6 Kf5 41. Rd5+ Ke6 42. Kf1 Bd4 43. Ke2 Bg1 44. h5 g5 45. a3 Bh2 46. Rxc5 Bxg3 47. Ke3 Bd6 48. Rxa5 g4 49. Kxe4 Kf6 50. Ra6 Ke7 51. Rxd6 Kxd6 1-0

[Event "EU Corporate-ch"]
[Site "Rotterdam"]
[Date "2022.06.18"]
[Round "3"]
[White "Jap Tjoen San, Linda"]
[Black "Rietman, Frits"]
[Result "0-1"]
[WhiteElo "2045"]
[BlackElo "2237"]
[PlyCount "94"]
[EventDate "2022.06.18"]
[EventType "team-tourn (rapid)"]
[EventRounds "9"]
[EventCountry "NED"]
[SourceTitle "EXT 2023"]
[Source "ChessBase"]
[SourceDate "2022.10.05"]
[SourceVersion "1"]
[SourceVersionDate "2022.10.05"]
[SourceQuality "1"]

1. e4 d5 2. exd5 Qxd5 3. d4 e5 4. Nf3 exd4 5. Qxd4 Qxd4 6. Nxd4 c6 7. Bf4 Bc5 8. Nb3 Be7 9. N1d2 Nf6 10. 0-0-0 0-0 11. Re1 Re8 12. h3 Nbd7 13. g4 Kf8 14. Bg2 Nb6 15. Bg3 Be6 16. Na5 Bc8 17. Nxc6 bxc6 18. Bxc6 Be6 19. Bxa8 Rxa8 20. Nb3 Bd5 21. Rh2 Ne4 22. Bf4 Bh4 23. Be3 Rc8 24. Rd1 Ba8 25. f4 Bg3 26. Rg2 Nd5 27. Bc5+ Kg8 28. Bxa7 Nxf4 29. Rxg3 Nxg3 30. h4 Bf3 31. Rd6 Re8 32. Be3 Ng2 33. Bf2 Ne4 34. Rd3 Be2 35. Rh3 Nxf2 36. Rh2 Bf3 37. Nd4 Re1+ 38. Kd2 Rd1+ 39. Kc3 Ne4+ 40. Kc4 Ne3+ 41. Kb5 Rxd4 42. a4 Nd6+ 43. Kc5 Rd5+ 44. Kb6 Nec4+ 45. Kc7 Rc5+ 46. Kd8 Bxg4 47. b3 Kf8 0-1

[Event "EU Corporate-ch"]
[Site "Rotterdam"]
[Date "2022.06.18"]
[Round "1"]
[White "Jap Tjoen San, Linda"]
[Black "Toledano Llinares, Juan Antonio"]
[Result "1-0"]
[WhiteElo "2045"]
[BlackElo "2252"]
[PlyCount "73"]
[EventDate "2022.06.18"]
[EventType "team-tourn (rapid)"]
[EventRounds "9"]
[EventCountry "NED"]
[SourceTitle "EXT 2023"]
[Source "ChessBase"]
[SourceDate "2022.10.05"]
[SourceVersion "1"]
[SourceVersionDate "2022.10.05"]
[SourceQuality "1"]

1. e4 e5 2. Nf3 Nc6 3. Bc4 Bc5 4. c3 Bb6 5. 0-0 Nf6 6. d4 exd4 7. cxd4 0-0 8. d5 Ne7 9. e5 Ng4 10. Bg5 d6 11. exd6 Qxd6 12. Nc3 h6 13. Bh4 Ng6 14. Bg3 Qd8 15. Bb3 Nf6 16. Qd3 Kh8 17. Rad1 Ne8 18. Na4 Nd6 19. Nxb6 axb6 20. Nd4 Ne7 21. a3 Bg4 22. f3 Bh5 23. Rfe1 Re8 24. Bh4 Qd7 25. Re5 Ng6 26. Rxe8+ Rxe8 27. Bg3 Ne7 28. Ne2 Bg6 29. Qd2 Nef5 30. Bf2 Qb5 31. Nf4 Qxb3 32. Nxg6+ fxg6 33. Rc1 Rc8 34. Rc3 Qb5 35. g4 Ne7 36. Bd4 Nxd5 37. Qxh6+ 1-0

[Event "EU-Cup 34th"]
[Site "Porto Carras"]
[Date "2018.10.16"]
[Round "5.6"]
[White "Jap Tjoen San, Linda"]
[Black "Kathstede, Gerd"]
[Result "1-0"]
[WhiteElo "2086"]
[BlackElo "2008"]
[PlyCount "117"]
[EventDate "2018.10.12"]
[EventType "team-swiss"]
[EventRounds "7"]
[EventCountry "GRE"]
[SourceTitle "CBM 187"]
[Source "ChessBase"]
[SourceDate "2018.12.11"]
[SourceVersion "1"]
[SourceVersionDate "2018.12.11"]
[SourceQuality "1"]
[WhiteTeam "Leiden LSG"]
[BlackTeam "Aachen Aufwaerts"]
[WhiteTeamCountry "NED"]
[BlackTeamCountry "GER"]

1. e4 c5 2. Nf3 d6 3. d4 cxd4 4. Nxd4 Nf6 5. Nc3 g6 6. f3 Bg7 7. Be3 0-0 8. Qd2 Nc6 9. 0-0-0 Nxd4 10. Bxd4 Be6 11. Kb1 Re8 12. g4 Qa5 13. g5 Nd7 14. Bxg7 Kxg7 15. h4 Rac8 16. a3 Rc6 17. Qd4+ Kg8 18. Bb5 Rb6 19. a4 Rxb5 20. Nxb5 a6 21. Nc3 Rc8 22. h5 Rc4 23. Qe3 b5 24. hxg6 fxg6 25. Qd2 Nf8 26. Nd5 Qd8 27. axb5 axb5 28. b3 Rc5 29. Qb4 Kf7 30. Nf4 Qc8 31. Nxe6 Kxe6 32. Rh2 Rxg5 33. f4 Rc5 34. Kb2 Kf7 35. Rd5 h5 36. Rxc5 Qxc5 37. Qxc5 dxc5 38. Kc3 Ne6 39. Rf2 h4 40. Kd3 Kf6 41. Ke3 g5 42. e5+ Kf5 43. fxg5+ Kxe5 44. g6 h3 45. Rh2 Kf6 46. Rxh3 Kxg6 47. Rf3 Nd4 48. Rf2 e6 49. Ke4 Nf5 50. Ke5 Kf7 51. Rxf5+ exf5 52. Kxf5 c4 53. b4 c3 54. Ke5 Kg6 55. Kd5 Kf5 56. Kc5 Kf4 57. Kxb5 Ke3 58. Kc4 Kd2 59. Kb3 1-0

[Event "EU-Cup 34th"]
[Site "Porto Carras"]
[Date "2018.10.14"]
[Round "3.6"]
[White "Zilles, Paul"]
[Black "Jap Tjoen San, Linda"]
[Result "0-1"]
[WhiteElo "1771"]
[BlackElo "2086"]
[PlyCount "110"]
[EventDate "2018.10.12"]
[EventType "team-swiss"]
[EventRounds "7"]
[EventCountry "GRE"]
[SourceTitle "CBM 187"]
[Source "ChessBase"]
[SourceDate "2018.12.11"]
[SourceVersion "1"]
[SourceVersionDate "2018.12.11"]
[SourceQuality "1"]
[WhiteTeam "Wirtzfeld"]
[BlackTeam "Leiden LSG"]
[WhiteTeamCountry "BEL"]
[BlackTeamCountry "NED"]

1. d4 d5 2. c4 e6 3. Nc3 Nf6 4. a3 c5 5. e3 dxc4 6. Bxc4 Be7 7. Nf3 0-0 8. 0-0 Nc6 9. dxc5 Bxc5 10. b4 Bd6 11. Bb2 a6 12. b5 Ne5 13. Be2 Nxf3+ 14. Bxf3 Qc7 15. g3 Rd8 16. Qb3 axb5 17. Nxb5 Qb6 18. Rfd1 e5 19. Bd5 Nxd5 20. Qxd5 Be6 21. Qd3 Bf8 22. Qe2 Rxd1+ 23. Rxd1 Rc8 24. Nc3 Qb3 25. Ne4 f6 26. Rd3 Qa4 27. Nc3 Qc6 28. Qd1 Bh3 29. Qb3+ Kh8 30. Qd5 Qxd5 31. Rxd5 Kg8 32. Ne4 Rc2 33. Rd2 Rxd2 34. Nxd2 Kf7 35. f4 Bc5 36. Kf2 exf4 37. gxf4 Be6 38. Nf3 Bd5 39. Nd2 Kg6 40. Nf1 Kf5 41. h3 Ke4 42. Ng3+ Kd3 43. Nf5 g6 44. Nd4 f5 45. a4 Kc4 46. Ne2 Bc6 47. a5 Bb4 48. a6 bxa6 49. Bf6 a5 50. Nd4 Bd5 51. Nc2 Bc3 52. Be7 Kd3 53. Na3 Bb4 54. Bxb4 axb4 55. Nb5 Bc4 0-1

[Event "EU-Cup 34th"]
[Site "Porto Carras"]
[Date "2018.10.13"]
[Round "2.6"]
[White "Abasov, Nijat Azad"]
[Black "Jap Tjoen San, Linda"]
[Result "1-0"]
[WhiteElo "2627"]
[BlackElo "2086"]
[PlyCount "53"]
[EventDate "2018.10.12"]
[EventType "team-swiss"]
[EventRounds "7"]
[EventCountry "GRE"]
[SourceTitle "CBM 187"]
[Source "ChessBase"]
[SourceDate "2018.12.11"]
[SourceVersion "1"]
[SourceVersionDate "2018.12.11"]
[SourceQuality "1"]
[WhiteTeam "Odlar Yurdu"]
[BlackTeam "Leiden LSG"]
[WhiteTeamCountry "AZE"]
[BlackTeamCountry "NED"]

1. e4 c5 2. c3 d5 3. exd5 Qxd5 4. d4 Nc6 5. Nf3 Bg4 6. Be2 Nf6 7. h3 Bf5 8. dxc5 Qxd1+ 9. Bxd1 Bxb1 10. Rxb1 Ne4 11. Nd4 Nxc5 12. Nxc6 bxc6 13. Be3 e5 14. b4 Nd3+ 15. Kf1 a6 16. Bf3 Rc8 17. Be4 Nf4 18. g3 Ne6 19. Kg2 Be7 20. Bf5 g6 21. Bxe6 fxe6 22. Rhd1 Rc7 23. Rb3 Kf7 24. Ra3 Ra8 25. Ra5 Bf6 26. Rc5 Rac8 27. a3 1-0

[Event "NED-ch (Women)"]
[Site "Amsterdam"]
[Date "2016.08.28"]
[Round "7"]
[White "Haast, Anne"]
[Black "Jap Tjoen San, Linda"]
[Result "1-0"]
[WhiteElo "2299"]
[BlackElo "2096"]
[PlyCount "57"]
[EventDate "2016.08.22"]
[EventType "tourn"]
[EventRounds "7"]
[EventCountry "NED"]
[SourceTitle "CBM 174 Extra"]
[Source "ChessBase"]
[SourceDate "2016.10.10"]
[SourceVersion "1"]
[SourceVersionDate "2016.10.10"]
[SourceQuality "1"]

1. e4 d6 2. d4 Nf6 3. Nc3 g6 4. Be3 Bg7 5. Qd2 0-0 6. 0-0-0 c6 7. Kb1 b5 8. f3 a5 9. h4 h5 10. Nce2 Qc7 11. g4 Nbd7 12. Ng3 Kh7 13. Nh3 e5 14. gxh5 Nxh5 15. Nxh5 gxh5 16. Rg1 f6 17. Qg2 Rf7 18. Qg6+ Kg8 19. Bh6 Nf8 20. Qxh5 exd4 21. Rxd4 Qa7 22. Rd1 Qc5 23. Qxc5 dxc5 24. Nf4 Ne6 25. Nxe6 Bxe6 26. Rd6 Re8 27. Rxc6 c4 28. a4 bxa4 29. Rxe6 1-0

[Event "NED-ch (Women)"]
[Site "Amsterdam"]
[Date "2016.08.26"]
[Round "5"]
[White "Jap Tjoen San, Linda"]
[Black "Paulet, Iozefina"]
[Result "0-1"]
[WhiteElo "2096"]
[BlackElo "2249"]
[PlyCount "80"]
[EventDate "2016.08.22"]
[EventType "tourn"]
[EventRounds "7"]
[EventCountry "NED"]
[SourceTitle "CBM 174 Extra"]
[Source "ChessBase"]
[SourceDate "2016.10.10"]
[SourceVersion "1"]
[SourceVersionDate "2016.10.10"]
[SourceQuality "1"]

1. e4 e6 2. Nf3 d5 3. Nc3 d4 4. Ne2 c5 5. c3 dxc3 6. Nxc3 Nf6 7. Bb5+ Bd7 8. Qa4 Nc6 9. e5 Nd5 10. Qe4 a6 11. Be2 Nd4 12. Nxd4 cxd4 13. Nxd5 Bc6 14. Qxd4 Bxd5 15. 0-0 Qg5 16. g3 h5 17. h4 Qf5 18. Kh2 g5 19. hxg5 Qxg5 20. d3 Qg7 21. Qf4 Be7 22. Be3 h4 23. g4 Rh5 24. Rg1 Rxe5 25. Rac1 Bd6 26. Kh3 Rd8 27. Bd4 Rxe2 28. Bxg7 Bxf4 29. Rcf1 Ke7 30. g5 Be5 31. Bxe5 Rxe5 32. Re1 Rxe1 33. Rxe1 Bxa2 34. Kxh4 Rxd3 35. f4 Bd5 36. f5 Kd6 37. f6 e5 38. Rf1 Rf3 39. Rd1 e4 40. Kh5 e3 0-1

[Event "NED-ch (Women)"]
[Site "Amsterdam"]
[Date "2016.08.23"]
[Round "2"]
[White "Kazarian, Anna Maja"]
[Black "Jap Tjoen San, Linda"]
[Result "1-0"]
[WhiteElo "2254"]
[BlackElo "2096"]
[PlyCount "103"]
[EventDate "2016.08.22"]
[EventType "tourn"]
[EventRounds "7"]
[EventCountry "NED"]
[SourceTitle "CBM 174 Extra"]
[Source "ChessBase"]
[SourceDate "2016.10.10"]
[SourceVersion "1"]
[SourceVersionDate "2016.10.10"]
[SourceQuality "1"]

1. e4 d6 2. d4 Nf6 3. Nc3 g6 4. Bc4 Bg7 5. Nf3 0-0 6. 0-0 Nxe4 7. Nxe4 d5 8. Bd3 dxe4 9. Bxe4 Nd7 10. c3 Nf6 11. Bd3 b6 12. Qe2 Bb7 13. Ne5 c5 14. dxc5 Qd5 15. f4 Qxc5+ 16. Be3 Qc7 17. Rae1 Bd5 18. Bd4 Bxa2 19. f5 g5 20. h4 gxh4 21. Rf4 Rfd8 22. Rxh4 Rd6 23. Ng4 Rxd4 24. cxd4 Qd6 25. Ne5 Bd5 26. Bc4 Rd8 27. Bxd5 Qxd5 28. Qc4 Qxc4 29. Nxc4 Nd5 30. Ne5 Rc8 31. Kf2 Rc2+ 32. Re2 Rc1 33. Rd2 Bf6 34. Rg4+ Bg7 35. Ke2 Rc7 36. Rg3 f6 37. Nd3 Kf7 38. Rh3 Rc4 39. g3 Rxd4 40. Nf2 Rxd2+ 41. Kxd2 e6 42. fxe6+ Kxe6 43. Rxh7 Kf7 44. Nd3 Kg6 45. Rh4 f5 46. Rc4 Kg5 47. Ke2 a5 48. Kf3 Ne7 49. Rc7 Bf6 50. Rb7 Nd5 51. Nf4 Nb4 52. b3 1-0

[Event "EU-ch (Women) 17th"]
[Site "Mamaia"]
[Date "2016.06.05"]
[Round "9"]
[White "Gvetadze, Sofio"]
[Black "Jap Tjoen San, Linda"]
[Result "1-0"]
[WhiteElo "2311"]
[BlackElo "2116"]
[PlyCount "57"]
[EventDate "2016.05.27"]
[EventType "swiss"]
[EventRounds "11"]
[EventCountry "ROU"]
[SourceTitle "CBM 172 Extra"]
[Source "ChessBase"]
[SourceDate "2016.06.21"]
[SourceVersion "1"]
[SourceVersionDate "2016.06.21"]
[SourceQuality "1"]

1. Nf3 d5 2. c4 d4 3. g3 g6 4. d3 Bg7 5. Bg2 Nh6 6. 0-0 0-0 7. b4 a5 8. bxa5 Rxa5 9. Nbd2 Rh5 10. Rb1 b6 11. Re1 Nc6 12. Nf1 Bb7 13. Rb5 Rxb5 14. cxb5 Na5 15. Bd2 Qa8 16. Qc1 Nf5 17. Qxc7 Bd5 18. Qxb6 Nb7 19. Qa6 h5 20. a4 Qxa6 21. bxa6 Nc5 22. Nxd4 Bxg2 23. Nxf5 Bxf1 24. Nxe7+ Kh7 25. Kxf1 Ra8 26. Be3 Nxa6 27. Rb1 Nc7 28. Bb6 Ne6 29. a5 1-0

[Event "EU-ch (Women) 17th"]
[Site "Mamaia"]
[Date "2016.06.03"]
[Round "7"]
[White "Mirzoeva, Elmira"]
[Black "Jap Tjoen San, Linda"]
[Result "1-0"]
[WhiteElo "2344"]
[BlackElo "2116"]
[PlyCount "81"]
[EventDate "2016.05.27"]
[EventType "swiss"]
[EventRounds "11"]
[EventCountry "ROU"]
[SourceTitle "CBM 172 Extra"]
[Source "ChessBase"]
[SourceDate "2016.06.21"]
[SourceVersion "1"]
[SourceVersionDate "2016.06.21"]
[SourceQuality "1"]

1. d4 d5 2. c4 dxc4 3. e4 Nc6 4. d5 Ne5 5. Bf4 Ng6 6. Bg3 Nf6 7. Nc3 e5 8. Bxc4 a6 9. Nf3 Bd6 10. 0-0 0-0 11. Re1 Bg4 12. h3 Bd7 13. Nd2 Qe7 14. Rc1 Rfd8 15. Bd3 c6 16. Nc4 Bc5 17. Qf3 b5 18. Na5 cxd5 19. exd5 Bd4 20. Nb3 Bxc3 21. Rxc3 Qd6 22. Bxg6 hxg6 23. Rxe5 Qb4 24. a3 Qf8 25. Nc5 Bf5 26. Bf4 Rac8 27. b4 a5 28. g4 axb4 29. axb4 Bb1 30. Rc1 Ba2 31. Rd1 Kh7 32. d6 Nd7 33. Nxd7 Rxd7 34. Rxb5 Rc2 35. Rc5 Rb2 36. Qa3 Rb1 37. Rxb1 Bxb1 38. Qa4 Qe8 39. Re5 Qc8 40. Re7 Rd8 41. Qb3 1-0

[Event "EU-ch (Women) 17th"]
[Site "Mamaia"]
[Date "2016.05.29"]
[Round "3"]
[White "Rodshtein, Tereza"]
[Black "Jap Tjoen San, Linda"]
[Result "1-0"]
[WhiteElo "2263"]
[BlackElo "2116"]
[PlyCount "35"]
[EventDate "2016.05.27"]
[EventType "swiss"]
[EventRounds "11"]
[EventCountry "ROU"]
[SourceTitle "CBM 172 Extra"]
[Source "ChessBase"]
[SourceDate "2016.06.21"]
[SourceVersion "1"]
[SourceVersionDate "2016.06.21"]
[SourceQuality "1"]

1. e4 c5 2. Nf3 e6 3. d4 cxd4 4. Nxd4 Nc6 5. Nc3 Qc7 6. Be3 a6 7. Be2 Nf6 8. 0-0 Bb4 9. Na4 Be7 10. c4 Nxe4 11. c5 d6 12. cxd6 Bxd6 13. Bf3 f5 14. Bxe4 Nxd4 15. Qxd4 Be5 16. Qd1 fxe4 17. Rc1 Qd8 18. Qh5+ 1-0

[Event "EU-ch (Women) 17th"]
[Site "Mamaia"]
[Date "2016.05.28"]
[Round "2"]
[White "Jap Tjoen San, Linda"]
[Black "Belenkaya, Dina"]
[Result "1/2-1/2"]
[WhiteElo "2116"]
[BlackElo "2289"]
[PlyCount "84"]
[EventDate "2016.05.27"]
[EventType "swiss"]
[EventRounds "11"]
[EventCountry "ROU"]
[SourceTitle "CBM 172 Extra"]
[Source "ChessBase"]
[SourceDate "2016.06.21"]
[SourceVersion "1"]
[SourceVersionDate "2016.06.21"]
[SourceQuality "1"]

1. e4 c6 2. d4 d5 3. Nc3 dxe4 4. Nxe4 Bf5 5. Ng3 Bg6 6. Nh3 e6 7. c3 Bd6 8. Nf4 Qc7 9. Qf3 Nf6 10. h4 Nbd7 11. Bc4 0-0-0 12. Nxg6 hxg6 13. Bg5 e5 14. 0-0-0 exd4 15. cxd4 Nb6 16. Bb3 Rhe8 17. Kb1 Rd7 18. Bxf6 gxf6 19. Ne4 Rde7 20. Nxf6 Rd8 21. g3 Nd7 22. Ne4 Rde8 23. Ng5 f6 24. Nf7 Bb4 25. h5 gxh5 26. Rxh5 Qb6 27. Rh8 Rxh8 28. Nxh8 Qb5 29. Ng6 Re1 30. Nf4 Rxd1+ 31. Qxd1 Bd6 32. Qd3 Qxd3+ 33. Nxd3 c5 34. dxc5 Nxc5 35. Nxc5 Bxc5 36. f3 Kd7 37. Kc2 Kd6 38. Kd3 Bf2 39. g4 Ke5 40. Bc4 a5 41. b3 b6 42. Bb5 Bc5 1/2-1/2

[Event "Leiden SB-ch"]
[Site "Leiden"]
[Date "2008.06.17"]
[Round "5"]
[White "Jap Tjoen San, Linda"]
[Black "Compagnie, Luc G"]
[Result "1/2-1/2"]
[WhiteElo "2139"]
[BlackElo "2188"]
[PlyCount "106"]
[EventDate "2008.05.20"]
[EventType "swiss"]
[EventRounds "7"]
[EventCountry "NED"]
[SourceTitle "EXT 2012"]
[Source "ChessBase"]
[SourceDate "2011.11.24"]
[SourceVersion "1"]
[SourceVersionDate "2011.11.24"]
[SourceQuality "1"]

1. e4 e5 2. Nf3 Nc6 3. Bb5 a6 4. Ba4 Nf6 5. 0-0 Be7 6. Re1 b5 7. Bb3 d6 8. c3 0-0 9. h3 Na5 10. Bc2 c5 11. d4 Qc7 12. Nbd2 Bd7 13. d5 c4 14. Nf1 Nb7 15. g4 g6 16. Bh6 Rfe8 17. Ng3 Bf8 18. Be3 h5 19. Nh2 hxg4 20. hxg4 Be7 21. Kg2 Kg7 22. g5 Nh7 23. Qd2 Qc8 24. Rh1 Bh3+ 25. Kg1 Qd8 26. Nf3 Bg4 27. Nxe5 dxe5 28. f4 Rh8 29. Rf1 Bc5 30. Bxc5 Nxc5 31. Rh4 Nxg5 32. Rxh8 Qxh8 33. fxg5 Rf8 34. Rf2 Qh4 35. Qe3 Bc8 36. Rh2 Qf4 37. Nf1 Qxe3+ 38. Nxe3 Nb7 39. b3 Nd6 40. Rf2 f6 41. gxf6+ Rxf6 42. Rxf6 Kxf6 43. Kg2 Kg5 44. Kg3 Bd7 45. Nf1 Bg4 46. Nd2 Be2 47. Kf2 Bh5 48. Kg3 Bg4 49. a4 cxb3 50. Bxb3 Be2 51. axb5 axb5 52. Bc2 Bg4 53. Nb3 Nb7 1/2-1/2

[Event "Leiden SB-ch"]
[Site "Leiden"]
[Date "2008.06.10"]
[Round "4"]
[White "Van den Berg, Ad"]
[Black "Jap Tjoen San, Linda"]
[Result "1-0"]
[WhiteElo "2194"]
[BlackElo "2139"]
[PlyCount "84"]
[EventDate "2008.05.20"]
[EventType "swiss"]
[EventRounds "7"]
[EventCountry "NED"]
[SourceTitle "EXT 2012"]
[Source "ChessBase"]
[SourceDate "2011.11.24"]
[SourceVersion "1"]
[SourceVersionDate "2011.11.24"]
[SourceQuality "1"]

1. c4 Nf6 2. Nc3 c5 3. e4 d6 4. Nge2 g6 5. g3 Bg7 6. Bg2 0-0 7. 0-0 Nc6 8. a3 e5 9. Rb1 Be6 10. d3 Qd7 11. b4 b6 12. Nd5 Bg4 13. f3 Bh3 14. Bxh3 Qxh3 15. Qa4 Nd4 16. Nxd4 cxd4 17. Nc7 Rac8 18. Qxa7 Nh5 19. g4 Ng3 20. Rf2 Ne2+ 21. Rxe2 Qxf3 22. Rbb2 Qxg4+ 23. Kh1 Qf3+ 24. Rg2 Qf1+ 25. Rg1 Qxd3 26. Qb7 Qf3+ 27. Rbg2 h5 28. Bg5 d3 29. Qxb6 Qxe4 30. Qxd6 Qxc4 31. Nd5 Qe4 32. Ne7+ Kh7 33. Nxc8 Rxc8 34. Bd2 Rc2 35. Re1 Qf3 36. Kg1 Bh6 37. Rg3 Qb7 38. Bxh6 Kxh6 39. Qxd3 Qc6 40. Qe3+ Kh7 41. Qxe5 Qb6+ 42. Qe3 Qc6 1-0

[Event "Gibraltar Challengers-B"]
[Site "Gibraltar"]
[Date "2008.01.29"]
[Round "3"]
[White "Jap Tjoen San, Linda"]
[Black "Hansen, Pal Andreas"]
[Result "1-0"]
[WhiteElo "2174"]
[BlackElo "2108"]
[PlyCount "103"]
[EventDate "2008.01.27"]
[EventType "swiss"]
[EventRounds "5"]
[EventCountry "ENG"]
[SourceTitle "CBM 122 Extra"]
[Source "ChessBase"]
[SourceDate "2008.03.04"]
[SourceVersion "1"]
[SourceVersionDate "2008.03.04"]
[SourceQuality "1"]

1. e4 c5 2. Nf3 d6 3. c3 Nf6 4. Be2 Nc6 5. d3 g6 6. 0-0 Bg7 7. Re1 0-0 8. h3 d5 9. e5 Nd7 10. d4 cxd4 11. cxd4 f6 12. exf6 Nxf6 13. Nc3 a6 14. Ne5 Qb6 15. Na4 Qc7 16. Bf3 Bf5 17. Bf4 Nxe5 18. Bxe5 Qc2 19. Qxc2 Bxc2 20. Nb6 Rad8 21. Bc7 Rde8 22. Nxd5 Nxd5 23. Bxd5+ Kh8 24. Bxb7 Bxd4 25. Be5+ Bxe5 26. Rxe5 Rf6 27. b3 Rb6 28. Bf3 Kg7 29. Rc1 Bf5 30. Rc7 Kf6 31. Ra5 Bd3 32. Rd5 Bf5 33. g4 Be6 34. Rdc5 Rd8 35. R7c6 Rd6 36. Rxb6 Rxb6 37. Kg2 Rd6 38. g5+ Kf7 39. h4 Rd3 40. Ra5 Bc8 41. Be2 Bb7+ 42. f3 Rd6 43. Kf2 e6 44. Ke3 Ke7 45. Rc5 Kd7 46. f4 Kd8 47. b4 Kd7 48. h5 gxh5 49. Bxh5 Rb6 50. a3 Bc6 51. Bd1 Kd8 52. Bc2 1-0

[Event "Gibraltar Challengers"]
[Site "Gibraltar"]
[Date "2008.01.26"]
[Round "5"]
[White "Jap Tjoen San, Linda"]
[Black "Thollin, Robert"]
[Result "1/2-1/2"]
[WhiteElo "2174"]
[BlackElo "2011"]
[PlyCount "72"]
[EventDate "2008.01.22"]
[EventType "swiss"]
[EventRounds "5"]
[EventCountry "ENG"]
[SourceTitle "CBM 122 Extra"]
[Source "ChessBase"]
[SourceDate "2008.03.04"]
[SourceVersion "1"]
[SourceVersionDate "2008.03.04"]
[SourceQuality "1"]

1. e4 d6 2. d4 Nf6 3. Nc3 g6 4. f4 Bg7 5. Nf3 c5 6. Bb5+ Bd7 7. Bxd7+ Nfxd7 8. d5 b5 9. Nxb5 Qa5+ 10. Nc3 Bxc3+ 11. bxc3 Qxc3+ 12. Bd2 Qc4 13. Qe2 Nb6 14. a4 a5 15. Qxc4 Nxc4 16. Ke2 Nd7 17. Rhb1 0-0 18. Rb7 Ncb6 19. Rb1 Rfb8 20. Rxb8+ Rxb8 21. Bxa5 Nxa4 22. Rxb8+ Nxb8 23. Nd2 Nb2 24. Bc3 Na4 25. Kd3 Nxc3 26. Kxc3 Nd7 27. Kc4 f5 28. e5 Nb6+ 29. Kb5 Nxd5 30. Kc6 Nxf4 31. exd6 exd6 32. Kxd6 Nxg2 33. Kxc5 Kf7 34. Kd4 Ke6 35. Nf3 h6 36. c4 g5 1/2-1/2

[Event "Vlissingen HZ op 11th"]
[Site "Vlissingen"]
[Date "2007.08.10"]
[Round "8"]
[White "Nijs, Nils"]
[Black "Jap Tjoen San, Linda"]
[Result "1/2-1/2"]
[WhiteElo "2065"]
[BlackElo "2199"]
[PlyCount "140"]
[EventDate "2007.08.04"]
[EventType "swiss"]
[EventRounds "9"]
[EventCountry "NED"]
[SourceTitle "CBM 119 Extra"]
[Source "ChessBase"]
[SourceDate "2007.09.04"]
[SourceVersion "1"]
[SourceVersionDate "2007.09.04"]
[SourceQuality "1"]

1. d4 Nf6 2. c4 e6 3. Nc3 Bb4 4. Qc2 d5 5. a3 Bxc3+ 6. Qxc3 Ne4 7. Qc2 c5 8. dxc5 Nc6 9. e3 Qa5+ 10. Bd2 Nxd2 11. Qxd2 dxc4 12. Qxa5 Nxa5 13. Rc1 b5 14. cxb6 Bb7 15. Nf3 Ke7 16. bxa7 Bxf3 17. gxf3 Rxa7 18. Rg1 Rb8 19. Rc2 Rab7 20. Rg4 Rxb2 21. Rxb2 Rxb2 22. Bxc4 h5 23. Rh4 g5 24. Rd4 Nxc4 25. Rxc4 Ra2 26. Ra4 Kf6 27. Kf1 Kg6 28. Ra8 Kg7 29. a4 f5 30. a5 h4 31. Kg2 e5 32. a6 h3+ 33. Kxh3 Rxf2 34. Kg3 Ra2 35. a7 f4+ 36. exf4 exf4+ 37. Kg4 Ra5 38. h3 Kh7 39. Rf8 Rxa7 40. Kxg5 Kg7 41. Rxf4 Ra6 42. h4 Rg6+ 43. Kf5 Rf6+ 44. Kg4 Rg6+ 45. Kh3 Ra6 46. h5 Ra5 47. Kg4 Rb5 48. Rc4 Kh6 49. Rc6+ Kh7 50. f4 Kg7 51. f5 Rb1 52. Rc3 Kf6 53. Rc6+ Kg7 54. h6+ Kf7 55. Rc3 Kf6 56. Rh3 Rb4+ 57. Kh5 Rb7 58. Rf3 Rb1 59. Kg4 Rg1+ 60. Rg3 Rb1 61. h7 Rh1 62. Ra3 Rxh7 63. Ra6+ Kf7 64. Ra7+ Kg8 65. Ra8+ Kf7 66. Ra7+ Kg8 67. Rxh7 Kxh7 68. Kg5 Kg7 69. f6+ Kf7 70. Kf5 Kf8 1/2-1/2

[Event "Vlissingen HZ op 11th"]
[Site "Vlissingen"]
[Date "2007.08.09"]
[Round "7"]
[White "Jap Tjoen San, Linda"]
[Black "Stange, Sven"]
[Result "1/2-1/2"]
[WhiteElo "2199"]
[BlackElo "2144"]
[PlyCount "66"]
[EventDate "2007.08.04"]
[EventType "swiss"]
[EventRounds "9"]
[EventCountry "NED"]
[SourceTitle "CBM 119 Extra"]
[Source "ChessBase"]
[SourceDate "2007.09.04"]
[SourceVersion "1"]
[SourceVersionDate "2007.09.04"]
[SourceQuality "1"]

1. d4 Nf6 2. Nc3 d6 3. e4 Nbd7 4. g4 h6 5. h3 e5 6. Bg2 Be7 7. Nge2 Nf8 8. Ng3 g5 9. Nf5 Ng6 10. Be3 Nf4 11. Bf3 Bxf5 12. exf5 c6 13. Bxf4 exf4 14. Qe2 Qd7 15. 0-0-0 0-0-0 16. d5 c5 17. Qc4 Kb8 18. a4 Ne8 19. Ne4 Nf6 20. Nc3 Ne8 21. a5 Bf6 22. Ne4 Be5 23. Rde1 Qc7 24. Qb5 Nf6 25. Nd2 Qd7 26. Qb3 Bd4 27. Ref1 a6 28. c3 Be5 29. Be2 Ka8 30. Rd1 Qc7 31. Nc4 Nd7 32. h4 Ka7 33. Kc2 f6 1/2-1/2

[Event "Vlissingen HZ op 11th"]
[Site "Vlissingen"]
[Date "2007.08.06"]
[Round "4"]
[White "Visser, Anton P"]
[Black "Jap Tjoen San, Linda"]
[Result "1/2-1/2"]
[WhiteElo "1990"]
[BlackElo "2199"]
[PlyCount "39"]
[EventDate "2007.08.04"]
[EventType "swiss"]
[EventRounds "9"]
[EventCountry "NED"]
[SourceTitle "CBM 119 Extra"]
[Source "ChessBase"]
[SourceDate "2007.09.04"]
[SourceVersion "1"]
[SourceVersionDate "2007.09.04"]
[SourceQuality "1"]

1. d4 Nf6 2. Nc3 c5 3. d5 d6 4. e4 a6 5. a4 g6 6. Nf3 Bg7 7. Be2 0-0 8. 0-0 Bg4 9. Nd2 Bxe2 10. Qxe2 Nbd7 11. Nc4 Ne8 12. Bf4 f6 13. Bg3 Nc7 14. Ne3 Rb8 15. f4 b5 16. axb5 axb5 17. Qg4 c4 18. f5 Bh6 19. Ned1 Rf7 20. fxg6 1/2-1/2